000 01032pam a2200301 a 4500
001 1124513
003 OSt
005 20140310182720.0
008 940505s1994 nyua b 001 0 eng
010 _a 94019135
020 _a0070111928
040 _aDLC
_cDLC
_dDLC
050 0 0 _aQA 76.8.P67
_b.C48 1994
100 1 _aChakravarty, Dipto.
245 1 0 _aPowerPC--concepts, architecture, and design /
_cDipto Chakravarty, Casey Cannon.
260 _aNew York :
_bMcGraw-Hill,
_c1994.
300 _axx, 362 p. :
_bill. ;
_c24 cm.
440 0 _aJ. Ranade workstation series
504 _aIncludes bibliographical references (p. 353-354) and index.
521 _aIT
562 _efor circulation. 1 copy available in the collection
650 0 _aPowerPC microprocessors.
700 1 _aCannon, Casey.
906 _a7
_bcbc
_corignew
_d1
_eocip
_f19
_gy-gencatlg
942 _2lcc
_cBK
_kFOR
999 _c15330
_d15330